书目信息 |
| 题名: |
退耕还林工程政策文件
|
|
| 作者: | ;国家林业局 编 | |
| 分册: | ||
| 出版信息: | 北京 知识产权出版社 2006 |
|
| 页数: | 335页 | |
| 开本: | 26cm | |
| 丛书名: | ||
| 单 册: | ||
| 中图分类: | F326.20 , D922.639 | |
| 科图分类: | ||
| 主题词: | 退耕还林--林业政策--文件--中国 | |
| 电子资源: | ||
| ISBN: | 7-80198-575-3 | |
| 000 | 00969nam0 2200265 45 | |
| 001 | 012004066291 | |
| 005 | 20070807145602.67 | |
| 009 | 012004066291 | |
| 010 | @a7-80198-575-3@dCNY60.00 | |
| 035 | @a(110120)012006082809 | |
| 100 | @a20060829d2006 em y0chiy0110 ea | |
| 101 | 0 | @achi |
| 102 | @aCN@b110000 | |
| 105 | @aa z 000yy | |
| 106 | @ar | |
| 200 | 1 | @a退耕还林工程政策文件@Atui geng hai lin gong cheng zheng ce wen jian@f国家林业局退耕还林办公室编@Fguo jia lin ye ju tui geng huan lin ban gong shi bian |
| 210 | @a北京@c知识产权出版社@d2006 | |
| 215 | @a335页@c彩照@d26cm | |
| 330 | @a本书内容包括34个国家政策文件,有国务院和国务院办公厅、财政部、国家发展和改革委员会、国家林业局等部门制定的有关政策文件;有65个地方政策文件。 | |
| 606 | 0 | @a退耕还林@x林业政策@x文件@y中国 |
| 690 | @aF326.20@v4 | |
| 690 | @aD922.639@v4 | |
| 711 | 02 | @a国家林业局@Aguo jia lin ye ju@b退耕还林办公室@4编 |
| 801 | 0 | @aCN@b110120@c20070807 |
| 905 | @dF326.20@e107@f1 | |
| 退耕还林工程政策文件/国家林业局退耕还林办公室编.-北京:知识产权出版社,2006 |
| 335页:彩照;26cm |
| ISBN 7-80198-575-3:CNY60.00 |
| 本书内容包括34个国家政策文件,有国务院和国务院办公厅、财政部、国家发展和改革委员会、国家林业局等部门制定的有关政策文件;有65个地方政策文件。 |
| ● |
| 相关链接 |
|
|
|
|
正题名:退耕还林工程政策文件
索取号:F326.20/107
 
预约/预借
| 序号 | 登录号 | 条形码 | 馆藏地/架位号 | 状态 | 备注 |
| 1 | 0853431 | 208534317 | 第一样本阅览室/ [索取号:F326.20/107] | 在馆 |